India 2020 A Vision for the New Millennium (Record no. 5493)
[ view plain ]
| 000 -LEADER | |
|---|---|
| fixed length control field | 00303nam a2200109Ia 4500 |
| 008 - FIXED-LENGTH DATA ELEMENTS--GENERAL INFORMATION | |
| fixed length control field | 200302s9999 xx 000 0 und d |
| 100 ## - MAIN ENTRY--PERSONAL NAME | |
| Personal name | A. P. J. Abdul Kalam |
| 245 ## - TITLE STATEMENT | |
| Title | India 2020 A Vision for the New Millennium |
| 260 ## - PUBLICATION, DISTRIBUTION, ETC. | |
| Name of publisher, distributor, etc. | Viking by Penguin Books India Pvt. Ltd. |
| 260 ## - PUBLICATION, DISTRIBUTION, ETC. | |
| Date of publication, distribution, etc. | 1998 |
| 300 ## - PHYSICAL DESCRIPTION | |
| Extent | 312 P., |
| Withdrawn status | Lost status | Source of classification or shelving scheme | Damaged status | Not for loan | Permanent Location | Current Location | Date acquired | Cost, normal purchase price | Full call number | Barcode | Date last seen | Price effective from | Koha item type | Public note |
|---|---|---|---|---|---|---|---|---|---|---|---|---|---|---|
| BMS College of Architecture, Design and Planning | BMS College of Architecture, Design and Planning | 2020-03-03 | 395.00 | 303.49 | CL-PG41563 | 2020-03-03 | 2020-03-03 | PG Books from CL | S-13 |